| 000 | 00946nam a22002177a 4500 | ||
|---|---|---|---|
| 999 |
_c9841 _d9841 |
||
| 003 | AR-CdUCM | ||
| 008 | 190328b ||||| |||| 00| 0 spa d | ||
| 040 |
_aMUNICIPALIDAD PROVINCIAL DEL CUSCO _cBIBLIOTECA MUNICIPAL DEL CUSCO |
||
| 082 |
_aC / 726.809 / _bC23 |
||
| 100 |
_aCalvo C., Rossano _95422 |
||
| 245 | _aEl histórico cementerio republicano (de la Almudena) y la cultura de la muerte cusqueña / | ||
| 260 |
_aCusco : _bAlpha servicios gráficos, _c2010. |
||
| 300 |
_a64 páginas ; _bFotografías, _c20 cm. |
||
| 440 |
_aMonumentos del Cusco _926324 |
||
| 505 | _aContenido: El hombre ante la muerte -- La tradición histórica funeraria en el Cusco -- EL cementerio de la Almudena en el Cusco de antaño -- Cultura artística católica en un espacio monumental... | ||
| 650 |
_aMonumentos funerarios _926325 |
||
| 650 |
_aEsculturas funerarias _926326 |
||
| 650 |
_aMuerte en el arte _926327 |
||
| 942 |
_2ddc _cLIBROS |
||
| 945 | _adavv | ||